000
00220nam a2200085Ia 4500
008
120527s9999 xx 000 0 und d
100
_a
Danto, G. Arthur
245
_a
What philosophy is: a guide to the elements
942
_c
BK
999
_c
27623
_d
27623